|
|
|
|
| LEADER |
01366nam a2200349 4500 |
| 001 |
000006246 |
| 003 |
2401 |
| 005 |
20120322080301.0 |
| 008 |
110906s2005 viesd |
| 020 |
|
|
|c 22000đ
|
| 041 |
0 |
|
|a vie
|
| 082 |
|
|
|a 370.15
|b Bôc
|
| 245 |
|
0 |
|a Bộ câu hỏi ôn tập và đánh giá kết quả học tập môn tâm lí học lứa tuổi và tâm lí học sư phạm
|b Môn Tâm lí học lứa tuổi và Tâm lí học Sư phạm
|c Phan Trọng Ngọ (ch.biên) ; Dương Diệu Hoa ; Nguyễn Thị Mùi...
|
| 260 |
|
|
|a H.
|b Đại học Sư phạm
|c 2005
|
| 300 |
|
|
|a 219 tr
|c 21 cm
|
| 653 |
|
|
|a Bộ câu hỏi ôn tập
|
| 653 |
|
|
|a Kết quả học tập
|
| 653 |
|
|
|a Tâm lí học lứa tuổi
|
| 653 |
|
|
|a Tâm lí học Sư phạm
|
| 700 |
|
|
|a Phan Trọng Ngọ
|e ch.biên
|
| 700 |
|
|
|a Dương Diệu Hoa...
|
| 910 |
|
|
|a Nguyễn Thị Kim Oanh
|d 06/09/2011
|
| OWN |
|
|
|a LSP
|
| AVA |
|
|
|a UDN50
|b LSP
|d 370.15 Bôc
|e check_holdings
|t Error 5003 Not defined in file expand_doc_bib_avail.
|h N
|k 1
|
| 999 |
|
|
|a From the UDN01
|
| AVA |
|
|
|a UDN50
|b LSP
|d 370.15 Bôc
|e available
|t Error 5001 Not defined in file expand_doc_bib_avail.
|f 90
|g 4
|h N
|i 1
|k 1
|
| TYP |
|
|
|a Monograph
|
| TYP |
|
|
|a Printed language
|
| 980 |
|
|
|a Mạng thư viện Đại học Đà Nẵng
|